| Tag |
First Indicator |
Second Indicator |
Subfields |
| LEADER |
00000cam a2200000 4500 |
| 001 |
in00000026310 |
| 005 |
20151007061230.0 |
| 008 |
800627c19651934enk b 00000 eng d |
| 035 |
|
|
|a (OCoLC)06469059
|
| 035 |
|
|
|9 AAD1504AM
|
| 040 |
|
|
|c TXA
|d UtOrBLW
|
| 049 |
|
|
|a TXAM
|c 1 [460050]
|c 2 [460051]
|c 3 [460052]
|
| 090 |
|
|
|a PN1031
|b .B63 1965
|
| 092 |
|
|
|a 808.1
|b B667a
|
| 100 |
1 |
|
|a Bodkin, Maud.
|
| 245 |
1 |
0 |
|a Archetypal patterns in poetry ;
|b psychological studies of imagination.
|
| 264 |
|
1 |
|a London :
|b Oxford University Press,
|c [1965, 1934]
|
| 300 |
|
|
|a xii, 340 pages ;
|c 20 cm.
|
| 336 |
|
|
|a text
|b txt
|2 rdacontent
|
| 337 |
|
|
|a unmediated
|b n
|2 rdamedia
|
| 338 |
|
|
|a volume
|b nc
|2 rdacarrier
|
| 490 |
0 |
|
|a Oxford paperbacks, no. 66
|
| 504 |
|
|
|a Bibliographical footnotes.
|
| 650 |
|
0 |
|a Poetry
|x History and criticism.
|
| 650 |
|
0 |
|a Literature
|x Psychology.
|
| 650 |
|
0 |
|a Imagination.
|
| 999 |
|
|
|a MARS
|
| 999 |
f |
f |
|s 9c02cda5-ec3d-3c26-ab34-af50ae326652
|i bd30d2a7-8b76-3c80-bedf-f26a81cfb422
|t 0
|
| 952 |
f |
f |
|p ric
|a Texas A&M University
|b Rellis Campus
|c Joint Library Facility
|s JLF
|d Remote Storage
|t 0
|e PN1031 .B63 1965
|h Library of Congress classification
|i unmediated -- volume
|m A14801196097
|
| 998 |
f |
f |
|a PN1031 .B63 1965
|t 0
|l Remote Storage
|